| 000 | 00452nam a2200157Ia 4500 | ||
|---|---|---|---|
| 008 | 210716s2003 xx 000 0 und d | ||
| 020 | _a0471200735 | ||
| 041 | _aeng | ||
| 082 | _a658.1511 WALW | ||
| 100 | _aWallace, Wands A. | ||
| 245 |
_aMastery of the financial accounting research system: through cases _bThrough cases |
||
| 250 | _a1 | ||
| 260 |
_aNew York _bJohn Wiley & sons _c2003 |
||
| 300 | _axii,5.12-5 | ||
| 650 | _aManagement Accounting | ||
| 999 |
_c201688 _d201688 |
||